Take the gamble out of planning (Record no. 74613)
[ view plain ]
| 000 -LEADER | |
|---|---|
| fixed length control field | 01131cab a2200241 4500 |
| 001 - CONTROL NUMBER | |
| control field | ABS68490 |
| 008 - FIXED-LENGTH DATA ELEMENTS--GENERAL INFORMATION | |
| fixed length control field | 041122n2004 000 0 eng u |
| 035 ## - SYSTEM CONTROL NUMBER | |
| System control number | (Sirsi) u128067 |
| 100 ## - MAIN ENTRY--PERSONAL NAME | |
| Personal name | Potter, A. |
| 245 ## - TITLE STATEMENT | |
| Title | Take the gamble out of planning |
| 260 ## - PUBLICATION, DISTRIBUTION, ETC. | |
| Date of publication, distribution, etc. | 2004 |
| 490 ## - SERIES STATEMENT | |
| Series statement | Wastes Management |
| Volume/sequential designation | November 2004, 38-39(2) |
| 520 ## - SUMMARY, ETC. | |
| Summary, etc. | In recent years the waste planning system has been cited as the major obstacle to waste management development. Argues for an evidential-based approach to waste planning in order to facilitate planning permission for waste and resource management facilities. Dedicated planning guidance such as PPG10 helps but the advent of the landfill directive (Directive 99/31/EC), biodegradable municipal waste diversion targets and other EU directives require the planning system to be fine tuned. |
| 590 ## - LOCAL NOTE (RLIN) | |
| Local note | ABS |
| 650 ## - SUBJECT ADDED ENTRY--TOPICAL TERM | |
| Topical term or geographic name entry element | PLANNING PROCESS |
| 650 ## - SUBJECT ADDED ENTRY--TOPICAL TERM | |
| Topical term or geographic name entry element | WASTE PLANNING |
| 650 ## - SUBJECT ADDED ENTRY--TOPICAL TERM | |
| Topical term or geographic name entry element | DIRECTIVE 75/442/EEC |
| 650 ## - SUBJECT ADDED ENTRY--TOPICAL TERM | |
| Topical term or geographic name entry element | DIRECTIVE 99/31/EC |
| 650 ## - SUBJECT ADDED ENTRY--TOPICAL TERM | |
| Topical term or geographic name entry element | WASTE MANAGEMENT SITES |
| 650 ## - SUBJECT ADDED ENTRY--TOPICAL TERM | |
| Topical term or geographic name entry element | WASTE POLICY |
| 690 ## - LOCAL SUBJECT ADDED ENTRY--TOPICAL TERM (OCLC, RLIN) | |
| Topical term or geographic name as entry element | ENVIRONMENTAL AND LAND CONSULTANCY-WASTE MANAGEMENT |
| 942 ## - ADDED ENTRY ELEMENTS (KOHA) | |
| Suppress in OPAC | 0 |
| Withdrawn status | Lost status | Source of classification or shelving scheme | Damaged status | Not for loan | Home library | Current library | Shelving location | Date acquired | Total Checkouts | Full call number | Barcode | Date last seen | Copy number | Price effective from | Koha item type |
|---|---|---|---|---|---|---|---|---|---|---|---|---|---|---|---|
| Dewey Decimal Classification | London | London | Journal article | 22/11/2004 | ABS68490 | 128067-1001 | 06/08/2019 | 1 | 06/08/2019 | Journal article |